Memorias literarias de París (Record no. 158277)

MARC details
000 -LEADER
campo de control de longitud fija 00622nam a22001815i 4500
001 - NÚMERO DE CONTROL
campo de control 158277
003 - IDENTIFICADOR DE NÚMERO DE CONTROL
campo de control ES-MaACL
005 - FECHA Y HORA DE LA ÚLTIMA TRANSACCIÓN
campo de control 20230906211102.0
008 - DATOS DE LONGITUD FIJA--INFORMACIÓN GENERAL
campo de control de longitud fija 970123s1751 sp |||| | spa d
040 ## - FUENTE DE CATALOGACIÓN
Centro catalogador/agencia de origen CAM
Lengua de catalogación spa
Centro/agencia transcriptor CAM
100 0# - ENTRADA PRINCIPAL--NOMBRE DE PERSONA
Nombre de persona Luzán, Ignacio de.
9 (RLIN) 74905
245 10 - MENCIÓN DEL TÍTULO
Título Memorias literarias de París
Resto del título : actual estado y methodo de sus estudios... /
Mención de responsabilidad, etc. por Ignacio de Luzán...
260 ## - PUBLICACIÓN, DISTRIBUCIÓN, ETC.
Lugar de publicación, distribución, etc. En Madrid :
Nombre del editor, distribuidor, etc. en la imprenta de don Gabriel Ramírez...,
Fecha de publicación, distribución, etc. 1751.
300 ## - DESCRIPCIÓN FÍSICA
Extensión [4], 311 p. ;
Dimensiones 15 cm.
852 ## - LOCALIZACIÓN
Ubicación ES-MaACL
Número de control de estantería R-937
Nota libre Enc. piel
Signatura antigua Olim: G-1875
942 ## - ELEMENTOS DE ENTRADA SECUNDARIOS (KOHA)
Fuente del sistema de clasificación o colocación Clasificación decimal universal
Holdings
Estatus retirado Estado de pérdida Fuente del sistema de clasificación o colocación Estado de daño No para préstamo Colección Biblioteca de origen Biblioteca actual Ubicación en estantería Fecha de adquisición Total de préstamos Signatura topográfica completa Código de barras Visto por última vez Precio de reemplazo Tipo de ítem Koha
    Clasificación decimal universal     Libros del s. XVIII Biblioteca del Ateneo de Madrid Biblioteca del Ateneo de Madrid Depósito 17/01/2008   R-937 1165654 23/02/2023 23/02/2023 Libro impreso antiguo